000 00741nam a22002417a 4500
001 52473
003 UA-OsUOA
005 20230828111355.0
007 ta
008 20080218b un ||||| |||| 00| 0 ukr d
020 _a9669502489
040 _aUA-OsUOA
_bukr
_cUA-OsUOA
_dUA-OsUOA
041 _aukr
080 _a82-94:78
090 _a82-94:78
_bО-53
245 _aОлександр Мишуга – король тенорів
_cГоловащенко М.
260 _aК.
_bМузична Україна
_c2004
300 _a610 с.
650 7 _a82 Література. Літературознавство
_2UDC
942 _cBK
_2udc
955 _a2
999 _c338563
_d338563